Fray Tadeo Cosme y las circulares franciscanas de la Patria Vieja: estudio historico - documental

Uloženo v:
Podrobná bibliografie
Hlavní autor: Ramírez Rivera, Hugo Rodolfo E (Autor)
Médium: Kniha
Jazyk:španělština
Vydáno: Santiago Publicaciones del Archivo Franciscano 1991
Témata:
Tagy: Přidat tag
Žádné tagy, Buďte první, kdo vytvoří štítek k tomuto záznamu!

MARC

LEADER 00000nam a2200000 a 4500
001 UCY3183
003 CL-VaPUC
008 941214e19910000CL |||||||||||||||||spa|d
082 0 4 |a 271.3083  |b RAM  |2 21 
100 0 |a Ramírez Rivera, Hugo Rodolfo E  |e author  |9 331412 
245 1 0 |a Fray Tadeo Cosme y las circulares franciscanas de la Patria Vieja: estudio historico - documental 
300 |a 25 p 
942 |c BK 
945 |d 19941214 00:00:00  |a aalvarez 
260 |a Santiago  |b Publicaciones del Archivo Franciscano  |c 1991 
500 |a Incluye apartado de las paginas 227-250 del Anuario de Historia de la Iglesia en Chile, V.4, 1986 
650 0 |a Franciscanos   |9 267404 
651 7 |a CHILE  |2 CL-VaPUC  |9 331413 
583 |a last modification  |c 19941214 00:00:00  |k Rodrigo Vera 
999 |c 231393  |d 231391 
952 |0 0  |1 0  |4 0  |6 271_308300000000000_RAM_1991  |7 0  |8 A  |9 234625  |a BIBTEO  |b BIBTEO  |d 2019-11-15  |i 3043797  |o 271.3083 RAM 1991  |p 3043797  |r 2025-01-17  |w 2019-11-15  |y BK  |k ICR